STAR WARS: Who Killed Who ORIGINAL 6 MOVIES - Statistics

General Stats
  • This quiz has been taken 183 times
  • The average score is 25 of 30
Answer Stats
Killed Killer % Correct
Qui-Gonn Jinn Darth Maul
97%
Obi-Wan Kenobi Darth Vader
97%
Count Dooku Anakin Skywalker
96%
Mace Windu Darth Sidious
94%
Darth Sidious Darth Vader
94%
General Grievous Obi-Wan Kenobi
94%
Jabba The Hutt Leia Organa
93%
Darth Plagueis (Supposedly) Darth Sidious
91%
Greedo Han Solo
90%
Jabba's Rancor Luke Skywalker
88%
Grand Moff Tarkin (Along with thousands) Luke Sywalker
87%
Jango Fett Mace Windu
87%
Kit Fisto Darth Sidious
84%
Nute Gunray Anakin Skywalker
83%
Biggs Darklighter Darth Vader
83%
Shmi Skywalker Tusken Raiders
82%
Captain Antilles Darth Vader
80%
Zam Wessel Jango Fett
80%
Poggle the Lesser Anakin Skywalker
79%
Saesee Tiin Darth Sidious
79%
Wat Tambor Anakin Skywalker
78%
Aayla Secura Commander Bly and 327th Star Corps
76%
Agen Kolar Darth Sidious
76%
Admiral Ozzel Darth Vader
75%
Ki-Adi-Mundi Commander Bacara and Galactic Marines
73%
Plo Koon Captain Jag
71%
Coleman Trebor Jango Fett
69%
Commander Gree Yoda
69%
Oola Jabba/Rancor
67%
Stass Allie Commander Neyo
66%
No matching quizzes found
Score Distribution
Percent of People with Each Score
Percentile by Number Answered
Your Score History
You have not taken this quiz